• AIU
  • Tony Wilmot Memorial Library

Life after Google : (Record no. 67949)

MARC details
000 -LEADER
fixed length control field 04973cam a22004815i 4500
001 - CONTROL NUMBER
control field 20859859
003 - CONTROL NUMBER IDENTIFIER
control field OSt
005 - DATE AND TIME OF LATEST TRANSACTION
control field 20240528154522.0
008 - FIXED-LENGTH DATA ELEMENTS--GENERAL INFORMATION
fixed length control field 190221t20182018dcu b 001 0 eng d
010 ## - LIBRARY OF CONGRESS CONTROL NUMBER
LC control number 2017279916
020 ## - INTERNATIONAL STANDARD BOOK NUMBER
International Standard Book Number 9781621575764
Qualifying information (hardcover)
035 ## - SYSTEM CONTROL NUMBER
System control number (OCoLC)ocn959536159
040 ## - CATALOGING SOURCE
Original cataloging agency YDX
Language of cataloging eng
Transcribing agency YDX
Description conventions rda
Modifying agency BTCTA
-- BDX
-- OCLCQ
-- YDX
-- ZQP
-- OCLCF
-- QS5
-- SINLB
-- IGA
-- IMT
-- CLE
-- TOH
-- MND
-- HTM
-- ILC
-- VP@
-- OCLCQ
-- RCE
-- CHVBK
-- OCLCO
-- NCRJL
-- IUK
-- OCLCQ
-- T3B
-- OCLCA
-- OCL
-- OCLCA
-- DE#
-- GYG
-- DLC
042 ## - AUTHENTICATION CODE
Authentication code lccopycat
043 ## - GEOGRAPHIC AREA CODE
Geographic area code n-us-ca
050 ## - LIBRARY OF CONGRESS CALL NUMBER
Classification number TK 5105.875.I57
Item number G55 2018
100 1# - MAIN ENTRY--PERSONAL NAME
Personal name Gilder, George F.,
Dates associated with a name 1939-
Relator term author.
9 (RLIN) 56283
245 10 - TITLE STATEMENT
Title Life after Google :
Remainder of title the fall of big data and the rise of the blockchain economy /
Statement of responsibility, etc George Gilder.
246 30 - VARYING FORM OF TITLE
Title proper/short title Fall of big data and the rise of the blockchain economy
260 ## - PUBLICATION, DISTRIBUTION, ETC. (IMPRINT)
Place of publication, distribution, etc Washington, DC :
Name of publisher, distributor, etc Regnery Gateway, an imprint of Regnery Publishing,
Date of publication, distribution, etc c2018.
300 ## - PHYSICAL DESCRIPTION
Extent xv, 320 pages ;
Dimensions 24 cm
500 ## - GENERAL NOTE
General note Word "Google" on title page and spine printed upside down and backwards.
504 ## - BIBLIOGRAPHY, ETC. NOTE
Bibliography, etc Includes bibliographical references (pages 285-312) and index.
505 0# - FORMATTED CONTENTS NOTE
Formatted contents note Prologue: Back to the future-- the ride -- Don't steal this book -- Google's system of the world -- Google's roots and religions -- End of the free world -- Ten laws of the cryptocosm -- Google's datacenter coup -- Dally's parallel paradigm -- Markov and Midas -- Life 3.0 -- 1517 -- The heist -- Finding Satoshi -- Battle of the blockchains -- Blockstack -- Taking back the net -- Brave return of Brendan Eich -- Yuanfen -- The rise of sky computing -- A global insurrection -- Neutering the network -- The empire strikes back -- The Bitcoin flaw -- The great unbundling -- Epilogue: The new system of the world.
520 ## - SUMMARY, ETC.
Summary, etc "The Age of Google, built on big data and machine intelligence, has been an awesome era. But it's coming to an end. In Life after Google, George Gilder--the peerless visionary of technology and culture--explains why Silicon Valley is suffering a nervous breakdown and what to expect as the post-Google age dawns. Google's astonishing ability to 'search and sort' attracts the entire world to its search engine and countless other goodies--videos, maps, email, calendars ... And everything it offers is free, or so it seems. Instead of paying directly, users submit to advertising. The system of 'aggregate and advertise' works--for a while--if you control an empire of data centers, but a market without prices strangles entrepreneurship and turns the Internet into a wasteland of ads. The crisis is not just economic. Even as advances in artificial intelligence induce delusions of omnipotence and transcendence, Silicon Valley has pretty much given up on security. The Internet firewalls supposedly protecting all those passwords and personal information have proved hopelessly permeable. The crisis cannot be solved within the current computer and network architecture. The future lies with the 'cryptocosm'--The new architecture of the blockchain and its derivatives. Enabling cryptocurrencies such as bitcoin and ether, NEO and Hashgraph, it will provide the Internet a secure global payments system, ending the aggregate-and-advertise Age of Google. Silicon Valley, long dominated by a few giants, faces a 'great unbundling, ' which will disperse computer power and commerce and transform the economy and the Internet."--Jacket.
520 ## - SUMMARY, ETC.
Summary, etc Google's ability to "search and sort" attracts the entire world to its search engine and countless other goodies-- videos, maps, email, calendars. Everything it offers is free ... or so it seems. Instead of paying directly, users submit to advertising. The Internet firewalls supposedly protecting all our passwords and personal information have proved hopelessly permeable. The future lies with the "cryptocosm": the new architecture of the blockchain and its derivatives. Gilder explains why Silicon Valley is suffering a nervous breakdown and what to expect as the post-Google age dawns. -- adapted from jacket.
650 #0 - SUBJECT ADDED ENTRY--TOPICAL TERM
Topical term or geographic name as entry element Internet
General subdivision Forecasting.
9 (RLIN) 56284
650 #0 - SUBJECT ADDED ENTRY--TOPICAL TERM
Topical term or geographic name as entry element Internet
General subdivision Security measures.
9 (RLIN) 56285
650 #0 - SUBJECT ADDED ENTRY--TOPICAL TERM
Topical term or geographic name as entry element High technology industries
Geographic subdivision California
-- Santa Clara Valley (Santa Clara County)
General subdivision Forecasting.
9 (RLIN) 56286
650 #0 - SUBJECT ADDED ENTRY--TOPICAL TERM
Topical term or geographic name as entry element Blockchains (Databases)
9 (RLIN) 56287
650 #0 - SUBJECT ADDED ENTRY--TOPICAL TERM
Topical term or geographic name as entry element Electronic commerce.
9 (RLIN) 56288
650 #4 - SUBJECT ADDED ENTRY--TOPICAL TERM
Topical term or geographic name as entry element Forecasting
Chronological subdivision 21st century.
9 (RLIN) 56289
650 #4 - SUBJECT ADDED ENTRY--TOPICAL TERM
Topical term or geographic name as entry element Business enterprises
General subdivision Computer networks
-- Management.
9 (RLIN) 56290
650 #4 - SUBJECT ADDED ENTRY--TOPICAL TERM
Topical term or geographic name as entry element High technology industries.
9 (RLIN) 56291
650 #4 - SUBJECT ADDED ENTRY--TOPICAL TERM
Topical term or geographic name as entry element Business failures.
9 (RLIN) 56292
650 #4 - SUBJECT ADDED ENTRY--TOPICAL TERM
Topical term or geographic name as entry element Google+ (Electronic resource.)
9 (RLIN) 56293
650 #4 - SUBJECT ADDED ENTRY--TOPICAL TERM
Topical term or geographic name as entry element Electronic commerce
General subdivision Corrupt practices.
9 (RLIN) 56294
650 #4 - SUBJECT ADDED ENTRY--TOPICAL TERM
Topical term or geographic name as entry element Business
General subdivision Strategic aspects.
9 (RLIN) 56295
650 #4 - SUBJECT ADDED ENTRY--TOPICAL TERM
Topical term or geographic name as entry element Computer industry.
9 (RLIN) 56296
906 ## - LOCAL DATA ELEMENT F, LDF (RLIN)
a 0
b ibc
c copycat
d 2
e ncip
f 20
g y-gencatlg
942 ## - ADDED ENTRY ELEMENTS (KOHA)
Source of classification or shelving scheme Library of Congress Classification
Koha item type Books
Holdings
Withdrawn status Lost status Source of classification or shelving scheme Damaged status Not for loan Collection code Home library Current library Shelving location Date acquired Source of acquisition Cost, normal purchase price Total Checkouts Full call number Barcode Date last seen Copy number Price effective from Koha item type
    Library of Congress Classification     General Circulation AIU/NEGST - Tony Wilmot Memorial Library AIU/NEGST - Tony Wilmot Memorial Library General Stacks 07/05/2023 Donation - Prof. Muroki. 40.00   TK 5105.875.I57G55 2018 T17103W3232 05/28/2024 1 05/28/2024 Books